[Event "Senta Fantastico op 03"]
[Site "Senta"]
[Date "2025.02.10"]
[Round "9.22"]
[White "Djokic, Mihailo"]
[Black "Rankov, Boris"]
[Result "1-0"]
[WhiteElo "2219"]
[BlackElo "1947"]
[PlyCount "73"]
[EventDate "2025.02.05"]
[EventType "swiss"]
[EventRounds "9"]
[EventCountry "SRB"]
[SourceTitle "CB08_2025"]
[SourceDate "2025.02.19"]
[SourceVersion "1"]
[SourceVersionDate "2025.02.19"]
[SourceQuality "1"]

1. e4 c5 2. Nf3 d6 3. d4 cxd4 4. Nxd4 Nf6 5. Nc3 g6 6. Be2 Bg7 7. 0-0 0-0 8. Be3 Nc6 9. Qd2 Nxd4 10. Bxd4 a6 11. Rad1 b5 12. Bf3 e5 13. Bxe5 b4 14. Qxd6 Bg4 15. Qxd8 Rfxd8 16. Bxf6 Bxf6 17. Nd5 Bxf3 18. gxf3 Bxb2 19. Nxb4 Rdc8 20. Rb1 Ba3 21. Rb3 Bxb4 22. Rxb4 Rxc2 23. Ra4 Rb2 24. Ra5 Rb5 25. Ra4 a5 26. Rd1 Rb4 27. Rd4 Rab8 28. Kg2 Kg7 29. a3 Rxd4 30. Rxd4 Rb5 31. Rd5 Rxd5 32. exd5 f5 33. f4 Kf6 34. Kf3 Ke7 35. Ke3 Kd6 36. Kd4 h6 37. h4 1-0

[Event "Senta Fantastico op 03"]
[Site "Senta"]
[Date "2025.02.08"]
[Round "7.20"]
[White "Rankov, Boris"]
[Black "Levitan, Judah Nathan"]
[Result "0-1"]
[WhiteElo "1947"]
[BlackElo "2010"]
[PlyCount "40"]
[EventDate "2025.02.05"]
[EventType "swiss"]
[EventRounds "9"]
[EventCountry "SRB"]
[SourceTitle "CB08_2025"]
[SourceDate "2025.02.19"]
[SourceVersion "1"]
[SourceVersionDate "2025.02.19"]
[SourceQuality "1"]

1. e4 c5 2. Nf3 g6 3. d4 cxd4 4. Nxd4 Nc6 5. Nc3 Bg7 6. Be3 Nf6 7. f3 0-0 8. Qd2 d5 9. Nxc6 bxc6 10. e5 Ne8 11. f4 f6 12. 0-0-0 fxe5 13. fxe5 Bxe5 14. h4 Bg4 15. Ne2 Nd6 16. Bd4 Ne4 17. Qe3 Bxd4 18. Rxd4 e5 19. Rb4 Qxh4 20. Rxe4 Qe1# 0-1

[Event "Senta Fantastico op 03"]
[Site "Senta"]
[Date "2025.02.06"]
[Round "2.21"]
[White "Gabric, Goran"]
[Black "Rankov, Boris"]
[Result "1-0"]
[WhiteElo "2215"]
[BlackElo "1947"]
[PlyCount "65"]
[EventDate "2025.02.05"]
[EventType "swiss"]
[EventRounds "9"]
[EventCountry "SRB"]
[SourceTitle "CB08_2025"]
[SourceDate "2025.02.19"]
[SourceVersion "1"]
[SourceVersionDate "2025.02.19"]
[SourceQuality "1"]

1. e4 c5 2. Nf3 d6 3. d4 cxd4 4. Nxd4 Nf6 5. Nc3 g6 6. Be3 Bg7 7. f3 0-0 8. Qd2 Nc6 9. Bc4 Bd7 10. 0-0-0 a6 11. h4 h5 12. Bh6 b5 13. Bxg7 Kxg7 14. Bb3 Ne5 15. Nd5 Nxd5 16. Bxd5 Rb8 17. g4 Rh8 18. gxh5 Rxh5 19. Rdg1 e6 20. Bb3 Rxh4 21. f4 Nc4 22. Bxc4 bxc4 23. f5 exf5 24. Qc3 Kf8 25. exf5 g5 26. Rxh4 gxh4 27. Ne6+ Bxe6 28. fxe6 f6 29. Qxc4 Qb6 30. e7+ Ke8 31. Rg8+ Kd7 32. Qa4+ Qb5 33. Qxb5+ 1-0